000
00249nam a2200109Ia 4500
008
190912s9999||||xx |||||||||||||| ||und||
100
_a
Brady,Beran
245
0
_a
General Chemistry
260
_a
New york
_b
Prentice
_c
1886
300
_a
591
942
_c
BK
999
_c
7124
_d
7124